000 00551nam a22001937a 4500
003 BDDh-ASL
005 20231015031100.0
008 221228s1889 ii ||||| |||| 00| 0 a d
040 _aBDDh-ASL
_cBDDh-ASL
041 _aara
082 _a297
_bALN
100 1 _aAli, Maulavi Mobashshar
_96888
245 1 0 _aNaqdul Jawahir : / نقد الجواهر
246 _aTuhfatun Nāẓir īn : / تخفة الناظرين
260 _aKolkata :
_bGausia Press ,
_c1889.
300 _a16 p. :
_c24 cm.
650 0 _aIslam
_91652
942 _2ddc
_cBK
999 _c29882
_d29882